Nostalgia bersama Marina Mustafa : (Record no. 113771)

MARC details
000 -LEADER
fixed length control field 00816nam a2200253 i 4500
001 - CONTROL NUMBER
control field C2-0311533
003 - CONTROL NUMBER IDENTIFIER
control field PPAK
005 - DATE AND TIME OF LATEST TRANSACTION
control field 20180728103249.0
008 - FIXED-LENGTH DATA ELEMENTS--GENERAL INFORMATION
fixed length control field 110724s2011 my a|||| ||||| | may d
020 ## - INTERNATIONAL STANDARD BOOK NUMBER
International Standard Book Number 9789831246634
040 ## - CATALOGING SOURCE
Original cataloging agency PPAK
Language of cataloging eng
Transcribing agency PPAK
Description conventions rda
082 04 - DEWEY DECIMAL CLASSIFICATION NUMBER
Classification number 641.59595
Edition number 23
090 00 - LOCALLY ASSIGNED LC-TYPE CALL NUMBER (OCLC); LOCAL CALL NUMBER (RLIN)
Classification number (OCLC) (R) ; Classification number, CALL (RLIN) (NR) 641.59595
Feature heading MAR
Feature heading R
100 0# - MAIN ENTRY--PERSONAL NAME
Personal name Marina Mustafa,
Relator term author
245 10 - TITLE STATEMENT
Title Nostalgia bersama Marina Mustafa :
Remainder of title resipi warisan cukur jambul & akikah
264 #1 - PRODUCTION, PUBLICATION, DISTRIBUTION, MANUFACTURE, AND COPYRIGHT NOTICE
Place of production, publication, distribution, manufacture Shah Alam, Selangor :
Name of producer, publisher, distributor, manufacturer Grup Buku Karangkraf ,
Date of production, publication, distribution, manufacture, or copyright notice 2011
300 ## - PHYSICAL DESCRIPTION
Extent 128 pages :
Other physical details colour illustrations ;
Dimensions 23 cm
336 ## - CONTENT TYPE
Source rdacontent
Content type term text
337 ## - MEDIA TYPE
Source rdamedia
Media type term unmediated
338 ## - CARRIER TYPE
Source rdacarrier
Carrier type term volume
650 10 - SUBJECT ADDED ENTRY--TOPICAL TERM
Topical term or geographic name entry element Cookery, Malaysian. ; Cooking (Rice). ; Cooking (Spices).
700 0# - ADDED ENTRY--PERSONAL NAME
Personal name Teh Rohaya Yusoh,
Relator term editor
942 ## - ADDED ENTRY ELEMENTS (KOHA)
-- dc
Koha item type Book
Holdings
Withdrawn Not for loan Current library Shelving location Date acquired Full call number Barcode Date last seen Koha item type Total Checkouts
  Not For Loan Perpustakaan Alor Setar Rujukan Dewasa 27/07/2011 R 641.59595 MAR A01325905 09/05/2018 Book  
  Not For Loan Perpustakaan Awam Sungai Petani Rujukan Dewasa 27/07/2011 R 641.59595 MAR A01325906 09/05/2018 Book  
  Not For Loan Perpustakaan Baling Rujukan Dewasa 27/07/2011 R 641.59595 MAR A01325909 09/05/2018 Book  
  Not For Loan Perpustakaan Bandar Baharu Rujukan Dewasa 17/02/2013 R 641.59595 MAR A01399505 09/05/2018 Book  
  Not For Loan Perpustakaan Jitra Rujukan Dewasa 27/07/2011 R 641.59595 MAR A01325907 09/05/2018 Book  
  Not For Loan Perpustakaan Kuala Nerang Rujukan Dewasa 17/02/2013 R 641.59595 MAR A01399506 09/05/2018 Book  
  Not For Loan Perpustakaan Kulim Rujukan Dewasa 27/07/2011 R 641.59595 MAR A01325908 09/05/2018 Book  
  Not For Loan Perpustakaan Langkawi Rujukan Dewasa 17/02/2013 R 641.59595 MAR A01399502 09/05/2018 Book  
  Not For Loan Perpustakaan Merbok Rujukan Dewasa 27/07/2011 R 641.59595 MAR A01325910 09/05/2018 Book  
  Not For Loan Perpustakaan Pendang Rujukan Dewasa 17/02/2013 R 641.59595 MAR A01399508 09/05/2018 Book  
  Not For Loan Perpustakaan Sik Rujukan Dewasa 17/02/2013 R 641.59595 MAR A01399504 09/05/2018 Book  
  Not For Loan Perpustakaan Yan Rujukan Dewasa 17/02/2013 R 641.59595 MAR A01399507 09/05/2018 Book  
  Not For Loan Perpustakaan Yan Rujukan Dewasa 17/02/2013 R 641.59595 MAR A01399503 09/05/2018 Book  
  Not For Loan PD06, Kg. Kepala Bukit, Pendang Rujukan Dewasa 17/02/2013 R 641.59595 MAR A01399509 09/05/2018 Book  
  Not For Loan PD15, Kg. Naga, Kepala Batas Rujukan Dewasa 17/02/2013 R 641.59595 MAR A01399514 09/05/2018 Book  
  Not For Loan PD35, Kg. Sungai Daun, Yan Rujukan Dewasa 17/02/2013 R 641.59595 MAR A01399510 09/05/2018 Book  
  Not For Loan PD36, Kg. Kuala Lanjut, Kota Star Rujukan Dewasa 17/02/2013 R 641.59595 MAR A01399511 09/05/2018 Book  
  Not For Loan PD37, Kg. Belat, Pendang Rujukan Dewasa 17/02/2013 R 641.59595 MAR A01399512 09/05/2018 Book  
  Not For Loan PD38, KEDA Tanjung Setol, Pendang Rujukan Dewasa 17/02/2013 R 641.59595 MAR A01399513 09/05/2018 Book